000
00261nam a2200097Ia 4500
001
808059
005
20250826171243.0
008
250824s9999 xx 000 0 und d
245
0
_a
ÖLÜ BİR KENTİN MORG ALFABESİ
_c
KAHRAMAN TAZEOĞLU
260
_b
DESTEK YAYINLARI
999
_c
808059
_d
808059